| 000 | 01837cam a2200385 a 4500 | ||
|---|---|---|---|
| 001 | 3526124 | ||
| 005 | 20041208213743.0 | ||
| 007 | cr_||||||||||| | ||
| 008 | 961029s1997 cau b s001 0 eng | ||
| 010 | _a 96037296 | ||
| 020 | _a0520206118 (cloth : alk. paper) | ||
| 020 | _a0520208250 (pbk. : alk. paper) | ||
| 040 |
_aDLC _cDLC _dDLC |
||
| 043 | _af-ua--- | ||
| 050 | 0 | 0 |
_aHC830.Z7 _bC343 1997 |
| 082 | 0 | 0 |
_a339.22 _221 _bHOO |
| 100 | 1 |
_aHoodfar, Homa. _96182 |
|
| 245 | 1 | 0 |
_aBetween marriage and the market : _bintimate politics and survival in Cairo / _cHoma Hoodfar. |
| 260 |
_aCairo : _bThe American University in cairo, _cc1997. |
||
| 300 |
_axviii, 302 p. ; _c24 cm. |
||
| 440 | 0 |
_aComparative studies on Muslim societies ; _v24 _96183 |
|
| 500 | _aIncludes Index. | ||
| 504 | _aIncludes bibliographical references (p. 277-297) and index. | ||
| 530 | _aA digital reproduction is available from E-Editions, a collaboration of the University of California Press and the California Digital Library's eScholarship program. | ||
| 650 | 0 |
_aHouseholds _xEconomic aspects _zEgypt _zCairo Region. _96184 |
|
| 650 | 0 |
_aHome economics _zEgypt _zCairo Region. _96185 |
|
| 650 | 0 |
_aPoor _zEgypt _zCairo Region. _96186 |
|
| 650 | 0 |
_aSex role _zEgypt _zCairo Region. _96187 |
|
| 856 | 4 | 2 |
_3Contributor biographical information _uhttp://www.loc.gov/catdir/bios/ucal051/96037296.html |
| 856 | 4 | 2 |
_3Publisher description _uhttp://www.loc.gov/catdir/description/ucal041/96037296.html |
| 856 | 4 | 1 | _uhttp://ark.cdlib.org/ark:/13030/ft0f59n74g |
| 942 |
_2ddc _cBB |
||
| 999 |
_c11835 _d11835 |
||